Webster's New World student writing handbook

Bibliographic Details
Main Author: Sorenson, Sharon
Format: Book
Language:English
Published: Foster City, CA : IDG Books Worldwide 2000
Edition:Fourth edition
Subjects:

MARC

LEADER 00000cam a2200000 7i4500
001 0000012078
005 20241018.0
008 030829 -cna eng
020 |a 0764561251 (pbk) 
040 |a INS   |b eng   |e rda 
090 0 0 |a RPE1408   |b .S67 2000 
100 1 |a Sorenson, Sharon 
245 1 0 |a Webster's New World student writing handbook   |c by Sharon Sorenson 
246 3 0 |a Student writing handbook 
250 |a Fourth edition 
264 1 |a Foster City, CA :   |b IDG Books Worldwide   |c 2000 
264 4 |c ©2000 
300 |a x, 588 pages :   |b illustrations ;   |c 24 cm. 
336 |a text  |2 rdacontent 
337 |a unmediated  |2 rdamedia 
338 |a volume  |2 rdacarrier 
500 |a Includes index 
650 0 |a English language   |x Rhetoric   |v Handbooks, manuals, etc. 
650 0 |a Report writing   |v Handbooks, manuals, etc. 
999 |a 0000012607   |b BOOK   |c Red Spot   |e Default branch 
999 |a 0000012608   |b BOOK   |c Red Spot   |e Default branch